000 00551nam a2200217Ia 4500
005 20221020132441.0
008 131103s9999 xx 000 0 und d
020 _a140213767
040 _aLoreto College
041 _aEnglish
082 _a155.2
_bLAI
100 _aLaing, R. D.
245 _aSelf and others
_cR. D. Laing
260 _aHarmondswoth
_bPenguin
_c1976
300 _a192p
504 _aIncludes bibliographical references and index
650 _aAbnormal Psychology
651 _aPsychology
850 _aLCLIB
942 _cBK
999 _c18475
_d68954